000 00577nam a2200193Ia 4500
003 GCL
008 140319s9999 xx 000 0 ara d
040 _aGCL /
_cGCL
082 0 4 _a953
_bش م
100 1 _aشاكر مصطفى
245 1 0 _aموسوعة دول العالم الاسلامى ورجالها /
_cشاكر مصطفى
300 _aمتعدد
490 _aكتاب
_v0
650 0 4 _aدوائر المعارف
650 0 4 _aالسيرة النبوية
650 0 4 _aالاسلام - تراجم
650 0 4 _aالخلفاء الراشدون
942 _2ddc
_cBK
999 _c42448
_d42448